Places in Oregon - sudden death - Statistics

General Stats
  • This quiz has been taken 69 times
  • The average score is 17 of 28
Answers on the Grid
Answers color-coded by a green-red scale on the quiz's grid according to % correct below.
Toulouse
Eugene
Memphis
Lake Turkana
Portland
Aberdeen
Cascade Mountains
Osaka
Matt Groening's birthplace
Crater Lake
Nike headquarters
Salem
WW2 sub attack site
Mount Hood
Vancouver
Hayward Field
Brazzaville
Columbia River
Baranovichi
The Sphinx
DeForest Buckner's college
Ken Kesey's home town
La Ceiba
Kemerevo
Land below sea level
Vltava River
Wau
Snake River
Umatilla Reservation
Sariwon
Karbala
Autzen Stadium
San-Pédro
Tanga
Bago
Klamath Falls
Newberry Volcano
The Humongous Fungus
WW2 air raid bomb site
Masaka
Home town of Poison Idea
Portland Timbers' stadium
Beaverton
Ashland
Birgunj
Birthplace of River Phoenix
Yarra River
Nashik
Alvord Desert
Kita
Bend
Oregon City
Ife
Nyíregyháza
 
Answer Stats
Answer % Correct
Eugene
96%
Portland
96%
Salem
92%
Crater Lake
88%
Beaverton
84%
Mount Hood
80%
Nike headquarters
80%
Bend
76%
Cascade Mountains
76%
Oregon City
76%
Snake River
76%
Columbia River
72%
Portland Timbers' stadium
68%
Matt Groening's birthplace
64%
Ashland
56%
Klamath Falls
56%
Birthplace of River Phoenix
48%
DeForest Buckner's college
48%
Hayward Field
44%
Umatilla Reservation
44%
Home town of Poison Idea
40%
Ken Kesey's home town
40%
Autzen Stadium
36%
The Humongous Fungus
32%
Japanese plane, 1942 WW2 air raid bomb site
32%
Japanese shells struck Oregon WW2 sub attack site
32%
Alvord Desert
24%
Newberry Volcano
24%
No matching quizzes found
Score Distribution
Percent of People with Each Score
Percentile by Number Answered
Your Score History
You have not taken this quiz